Cathédrales de France n°1 - Statistiques

Statistiques générales
  • Ce quiz a été pris 333 fois
  • Le résultat moyen est 5 sur 15
Statistiques - réponses
Par images Hint Réponse % Correct
1176 Notre-Dame, Strasbourg
94%
1170 Saint-Gatien, Tours
54%
1703 Notre-Dame-de-l'Annonciation, Nancy
40%
1856 Saint-Alexandre-Nevski, Paris
39%
1544 Saint-Louis, Blois
34%
1891 Saint-Louis, Fort-de-France
28%
1912 Saint-Charles-Borromée, Saint-Etienne
27%
1398 Saint-Pierre, Saint-Flour
23%
1563 Saint-Théodorit, Uzès
21%
1468 Notre-Dame-de-l'Annonciation, Moulins
19%
XIIe Saint-Antonin, Pamiers
17%
XIe Sainte-Trinité, Laval
17%
1808 Saint-Vincent, Mâcon
15%
Fin XIIIe Notre-Dame, Dax
14%
1107 Notre-Dame-de-Nazareth, Orange
12%
Aucun quiz correspondant
Distribution des résultats
% des personnes avec chaque résultat
Percentile par nombre de réponses
Votre historique - résultats
Vous n’avez pas pris ce quiz